000 00473nam a2200181Ia 4500
001 20951
005 20260306172843.0
008 260306t2010||||xx |||||||||||||| ||spa||
041 _aESP
082 _a343.8J
_bM44
100 _aMesinas Montero, Federico G.
_eAUT
245 0 _aJurisprudencia tributaria y de consumo de carácter constitucional
260 _c2010
300 _a175 páginas :
_c24 cm.
650 _aGEN
654 _aCCO
942 _cLIB
_dJUS
_fJUS
_2ddc
_n
999 _c20951
_d20951